000 00394pam a2200145a 44500
008 230405s2005 xxu||||| |||| 00| 0 eng d
041 _aENG
100 _aPATIL J A
245 _aVELVARGIYA BHAJYA ADHUNIK SHETI NAVYA JATI UTPADAN
250 _a2 Ed.
260 _aPUNE
_bSAN PUB
_c2005
300 _a204p.
440 _aBHARATI MADHYVARTI SAHKARI GRAHAK BHANDR, PUNE, B-334
906 _a1372
999 _c290250
_d290250